Annual report of the Archaeological Survey of India: Eastern circle 1920-21 (Record no. 120876)

MARC details
000 -LEADER
fixed length control field 00797nam a2200289Ia 4500
003 - CONTROL NUMBER IDENTIFIER
control field OSt
005 - DATE AND TIME OF LATEST TRANSACTION
control field 20240516165135.0
008 - FIXED-LENGTH DATA ELEMENTS--GENERAL INFORMATION
fixed length control field 210210b1922 xxu||||| |||| 00| 0 eng d
040 ## - CATALOGING SOURCE
Transcribing agency AL
041 ## - LANGUAGE CODE
Language code of text/sound track or separate title eng
082 ## - DEWEY DECIMAL CLASSIFICATION NUMBER
Classification number 954/617
100 ## - MAIN ENTRY--PERSONAL NAME
Personal name INDIA (archaeological Survey of)
9 (RLIN) 165297
245 ## - TITLE STATEMENT
Title Annual report of the Archaeological Survey of India: Eastern circle 1920-21
260 ## - PUBLICATION, DISTRIBUTION, ETC.
Place of publication, distribution, etc. Calcutta
Name of publisher, distributor, etc. Superintendent Government Printing
Date of publication, distribution, etc. 1922
300 ## - PHYSICAL DESCRIPTION
Extent 40
650 ## - SUBJECT ADDED ENTRY--TOPICAL TERM
Topical term or geographic name entry element Survey
9 (RLIN) 165298
650 ## - SUBJECT ADDED ENTRY--TOPICAL TERM
Topical term or geographic name entry element report
9 (RLIN) 165299
650 ## - SUBJECT ADDED ENTRY--TOPICAL TERM
Topical term or geographic name entry element India:
9 (RLIN) 165300
650 ## - SUBJECT ADDED ENTRY--TOPICAL TERM
Topical term or geographic name entry element Eastern
9 (RLIN) 165301
650 ## - SUBJECT ADDED ENTRY--TOPICAL TERM
Topical term or geographic name entry element circle
9 (RLIN) 165302
650 ## - SUBJECT ADDED ENTRY--TOPICAL TERM
Topical term or geographic name entry element Archaeological
9 (RLIN) 165303
650 ## - SUBJECT ADDED ENTRY--TOPICAL TERM
Topical term or geographic name entry element Annual
9 (RLIN) 165304
650 ## - SUBJECT ADDED ENTRY--TOPICAL TERM
Topical term or geographic name entry element 1919-20
9 (RLIN) 165305
690 ## - LOCAL SUBJECT ADDED ENTRY--TOPICAL TERM (OCLC, RLIN)
Topical term or geographic name as entry element Indian History
9 (RLIN) 165306
906 ## - LOCAL DATA ELEMENT F, LDF (RLIN)
a 002117
942 ## - ADDED ENTRY ELEMENTS (KOHA)
Source of classification or shelving scheme Dewey Decimal Classification
Koha item type Book
Holdings
Withdrawn status Lost status Damaged status Not for loan Collection code Home library Current library Shelving location Date acquired Cost, normal purchase price Total Checkouts Full call number Barcode Date last seen Price effective from Koha item type
      Restricted Book   St Aloysius Library St Aloysius Library   02/17/2021 0.00   954/617 002117 02/17/2021 02/17/2021 Book